01563cam a2200361 a 450000100090000000300080000900500170001700700030003400800410003701000170007802000210009502000260011603500130014204000180015504100080017305000210018108200160020210000240021824501020024225000120034426000310035630000280038733600260041533700280044133800270046950400540049652003450055065000200089570000280091585600960094385600880103985600740112712188609BJBSDDR20260515154118.0ta000928s2001 nyu b 000 0 eng  a 00047764  a0471353124qpbk. a9780471353126q(pbk.) a12188609 aDLCcDLCdDLC aeng00aPN161bH551 200100a808/.022213 aHerman, Jeffd1958-10aWrite the perfect book proposal :b10 that sold and why /cJeff Herman and Deborah Levine Herman. a2nd ed. aNew York :bWiley ;c2001. aix, 213 pages ;c24 cm. atextbtxt2rdacontent aunmediatedbn2rdamedia avolumebnc2rdacarrier aIncludes bibliographical references (p. 198-202). aJeffrey Marc "Jeff" Herman (born 1959) is an American trial lawyer specializing in representing victims of sexual abuse. He is the founding and managing partner of the South Florida-based law-firm, Herman Law, and has been described in the media as "the nation's leading attorney when it comes to handling high-profile sexual abuse lawsuit. 0aBook proposals.1 aHerman, Deborah,d1958-423Contributor biographical informationuhttp://www.loc.gov/catdir/bios/wiley045/00047764.html423Publisher descriptionuhttp://www.loc.gov/catdir/description/wiley039/00047764.html4 3Table of Contentsuhttp://www.loc.gov/catdir/toc/onix05/00047764.html